00000000nam 2200000zi 4500
0019.946667
003CaOODSP
00520250324131004
006m     o  d f      
007cr mn|||||||||
008250109s1982    onca    ob   f000 0 fre d
040 |aCaOODSP|bfre|erda|cCaOODSP
0861 |aCo26-29/1982F-PDF
1001 |aCarey, Tom, |eauteur.
24510|aComposantes de l'interface d'utilisateur dans les systèmes de bureautique / |crapport à l'intention du Programme de la bureautique du Ministère des communications par Tom Carey.
264 1|a[Ottawa] : |bProgramme de la bureautique = Office Communications Systems Program, |c1982.
300 |a1 ressource en ligne (143 pages) : |billustrations
336 |atexte|btxt|2rdacontent/fre
337 |ainformatique|bc|2rdamedia/fre
338 |aressource en ligne|bcr|2rdacarrier/fre
500 |aPublié aussi en anglais sous le titre : User interface components for office communications systems.
500 |aÉdition numérisée de l'imprimé [par Innovation, sciences et développement économique Canada].
504 |aComprend des références bibliographiques (pages 138-143).
650 6|aInterfaces utilisateurs (Informatique)
650 6|aSystèmes bureautiques.
7101 |aCanada. |bMinistère des communications, |eorganisme de publication.
77508|tUser interface components for office communications systems / |w(CaOODSP)9.939545
85640|qPDF|s1.72 Mo|uhttps://publications.gc.ca/collections/collection_2025/isde-ised/co26/Co26-29-1982-fra.pdf